Lease is more (Record no. 73652)
[ view plain ]
| 000 -LEADER | |
|---|---|
| fixed length control field | 01020cam a2200229 4500 |
| 001 - CONTROL NUMBER | |
| control field | WB3941-11 |
| 008 - FIXED-LENGTH DATA ELEMENTS--GENERAL INFORMATION | |
| fixed length control field | 031027n2003 000 0 eng u |
| 035 ## - SYSTEM CONTROL NUMBER | |
| System control number | (Sirsi) u124061 |
| 245 ## - TITLE STATEMENT | |
| Title | Lease is more |
| 260 ## - PUBLICATION, DISTRIBUTION, ETC. | |
| Date of publication, distribution, etc. | 2003 |
| 490 ## - SERIES STATEMENT | |
| Series statement | Estates Gazette |
| Volume/sequential designation | (0343) 25 October 2003, 31(1) |
| 520 ## - SUMMARY, ETC. | |
| Summary, etc. | Companies that lease rather than own their property outperform the stock market, according to research undertaken for Donaldsons by Professor Meziane Lasler, of City University's Cass Business School in London. The study shows that companies that lease all their property enjoy better operating performance, with 20% less debt, 25% more cash and 40% less inventory. Cass Business School, City of London Press Release http//www.cass.city.ac.uk/media/stories/story_1_26_27161.html. |
| 590 ## - LOCAL NOTE (RLIN) | |
| Local note | WB |
| 650 ## - SUBJECT ADDED ENTRY--TOPICAL TERM | |
| Topical term or geographic name entry element | STOCK MARKET |
| 650 ## - SUBJECT ADDED ENTRY--TOPICAL TERM | |
| Topical term or geographic name entry element | RESEARCH REPORTS |
| 650 ## - SUBJECT ADDED ENTRY--TOPICAL TERM | |
| Topical term or geographic name entry element | LEASING |
| 650 ## - SUBJECT ADDED ENTRY--TOPICAL TERM | |
| Topical term or geographic name entry element | OPERATING COSTS |
| 650 ## - SUBJECT ADDED ENTRY--TOPICAL TERM | |
| Topical term or geographic name entry element | PROPERTY ASSETS |
| 650 ## - SUBJECT ADDED ENTRY--TOPICAL TERM | |
| Topical term or geographic name entry element | SHARE PERFORMANCE |
| 690 ## - LOCAL SUBJECT ADDED ENTRY--TOPICAL TERM (OCLC, RLIN) | |
| Topical term or geographic name as entry element | INVESTMENT |
| 942 ## - ADDED ENTRY ELEMENTS (KOHA) | |
| Suppress in OPAC | 0 |
| Withdrawn status | Lost status | Source of classification or shelving scheme | Damaged status | Not for loan | Home library | Current library | Shelving location | Date acquired | Total Checkouts | Full call number | Barcode | Date last seen | Copy number | Price effective from | Koha item type |
|---|---|---|---|---|---|---|---|---|---|---|---|---|---|---|---|
| Dewey Decimal Classification | London | London | News article | 27/10/2003 | WB3941-11 | 124061-1001 | 06/08/2019 | 1 | 06/08/2019 | News article |